| 000 | 00416nam a2200145 a 4500 | ||
|---|---|---|---|
| 001 | 000046268 | ||
| 005 | 20201002052741.0 | ||
| 008 | 150713s1985 dr a 000 0 spa d | ||
| 040 |
_aDO-SdBNP _bspa _cBNPHU |
||
| 082 |
_axxxx _bxxxx |
||
| 100 | 1 |
_aMercader, José _956560 |
|
| 245 | 1 | 0 |
_aPor unos dolares más o menos / _cJosé Mercader. |
| 260 |
_aSanto Domingo : _bHuellas, _c1985. |
||
| 300 |
_a192 p. : _bil. ; _c21 cm. |
||
| 999 |
_c45757 _d45757 |
||